000 00489nam a2200181Ia 4500
005 20250326125433.0
008 250326s9999 xx 000 0 und d
037 _aTextbook
040 _aFMSL
_beng
_cFMSL
041 _aeng
_2eng
084 _aY33 M1
_qFMSL
100 _aWalker B
_9110523
245 0 _aWelfare economics and Urban problems
_cWalker B
260 _aLondon
_bLondon, Hutchinson
_c1981
300 _a319p
942 _cTB
_hY33 M1
999 _c1278063
_d1278063